Architecture now! 7

Uloženo v:
Podrobná bibliografie
Hlavní autor: Jodidio, Philip (Autor)
Médium: Kniha
Jazyk:španělština
italština
portugalština
Vydáno: Colonia Taschen 2010
Vydání:1a. ed
Edice:Architecture now!
Témata:
Tagy: Přidat tag
Žádné tagy, Buďte první, kdo vytvoří štítek k tomuto záznamu!

MARC

LEADER 00000nam a2200000 a 4500
001 UCG7223
003 CL-VaPUC
008 110624e20100000GW |||||||||||||||||spa|d
020 |a 9783836517355 
041 0 7 |a spa  |2 CL-VaPUC 
041 0 7 |a ita  |2 CL-VaPUC 
041 0 7 |a por  |2 CL-VaPUC 
082 0 4 |a 724.7  |b JOD  |2 21 
100 |a Jodidio, Philip  |e author  |9 596614 
245 1 0 |a Architecture now! 7 
246 1 0 |a Arquitectura hoy 
246 1 0 |a Architettura oggi 
246 1 0 |a Arquitectura dos nossos dias 
250 |a 1a. ed 
300 |a 480 p 
942 |c BK 
945 |d 20110624 00:00:00  |a dcastane 
260 |a Colonia  |b Taschen  |c 2010 
650 0 |a Arquitectura moderna  |9 265021 
650 0 |a Arquitectura  |y Siglo 20  |9 266208 
650 7 |a DISEÑO CONTEMPORANEO  |2 CL-VaPUC  |9 557891 
583 |a last modification  |c 20110624 00:00:00  |k Rodrigo Vera 
490 0 |a Architecture now! 
999 |c 345284  |d 345282 
952 |0 0  |1 0  |4 0  |6 724_700000000000000_JOD_2010  |7 0  |8 A  |9 443775  |a BIBARQ  |b BIBARQ  |d 2019-11-22  |i 4786149  |o 724.7 JOD 2010  |p 4786149  |r 2025-01-20  |w 2019-11-22  |y BK  |k ARQ